| 000 | 01142nam a22002297a 4500 | ||
|---|---|---|---|
| 003 | EG-ScBUE | ||
| 005 | 20221117073742.0 | ||
| 008 | 100623s2008 ua f b 000 0 ara d | ||
| 017 | _a2008 / 7133 | ||
| 040 |
_aEG-ScBUE _bara _erda _cEG-ScBUE _dEG-ScBUE |
||
| 082 | 0 | 4 |
_222 _a658.409 _bهـ و ا |
| 100 | 1 |
_915105 _aهواري، سيد، _eمؤلف. |
|
| 245 | 1 | 2 |
_aالقائد التحويلي وتغيير المستقبل : _bنموذج جديد للقادة لمواجهة التحديات العالمية والمحلية المعاصرة: طبيعته ووظيفته ومحاوره في التغيير / _cالدكتور سيد الهواري، أستاذ إدارة الأعمال، كلية التجارة جامعة عين شمس، مؤسس ورئيس IBC للاستشارات منذ 1975. |
| 264 | 1 |
_a[القاهرة] : _bسيد الهواري، _c2008. |
|
| 300 |
_a208 صفحة ؛ _c24 سم |
||
| 504 | _aيشتمل على إرجاعات ببليوجرافية. | ||
| 541 | _aBook from store. | ||
| 650 | 7 |
_915143 _aالقيادة الإدارية. _2BUEsh |
|
| 653 | _bBUSADM | ||
| 655 | _vReading book | ||
| 942 |
_2ddc _cBB |
||
| 999 |
_c14196 _d14196 |
||